000 00552nam a2200181Ia 4500
003 GCL
008 140319s9999 xx 000 0 ara d
040 _aGCL /
_cGCL
082 0 4 _a616.0194
_bف و
100 1 _aفهمى مصطفى محمود
245 1 0 _aوهكذا بدا مرض الايدز /
_cفهمى مصطفى محمود
260 _a[S.N] :
_bمكتبة التراث الاسلامى ،
_c1989
300 _a101 ص
490 _a
650 0 4 _aالايدز
650 0 4 _aمرض نقص المناعة المكتسبة
942 _2ddc
_cBK
999 _c33108
_d33108